| 000 | 00716nam a22002177a 4500 | ||
|---|---|---|---|
| 005 | 20100923122549.0 | ||
| 008 | 100923t xxu||||| |||| 00| 0 eng d | ||
| 010 | _aENG-101518 | ||
| 020 |
_a9788128828799 _c100.00 |
||
| 035 | _aEN-85051 | ||
| 037 | _bDBAD/PUB | ||
| 040 |
_adpl _bEnglish |
||
| 082 | _aN | ||
| 100 |
_aVarma,A. _921271 |
||
| 245 |
_aA royal fling Hardly Royal / _cby A.Varma |
||
| 260 |
_aNew Delhi _bDiamond Pocket Books _c2010 |
||
| 270 |
_aX-30, Okhla Industrial Area, Phase-I, _bNew Delhi _e110020 |
||
| 300 |
_a165p. _c21cm (pbk) |
||
| 942 |
_2ddc _cEN _mVAR _hN |
||
| 999 |
_c47593 _d47593 |
||